000 00722nam a22001937a 4500
003 BD-DhUL
005 20180411094443.0
008 180411s2018 bg ||||| |||| 00| 0 ben
020 _a9789849335962
040 _aBD-DhUL
_cBD-DhUL
082 _222
_a954.92
_bDAA
100 _aদারা, সাইদ হাসান ।
245 _aআখ্যান ১৯৭১ /
_cসাইদ হাসান দারা ।
260 _aঢাকা :
_bঅন্বেষা,
_c২০১৮ ।
300 _a৫৪৩ পৃ. ;
_c২২ সেমি
651 0 _aবাংলাদেশ
_xইতিহাস - মুক্তিযুুদ্ধ
651 0 _aBangladesh
_xHistory - Liberation war
942 _2ddc
_cBK
999 _c240252
_d240252